000 00231nam a22000857a 4500
008 160715b xxu||||| |||| 00| 0 eng d
100 _92921
_aSaxena A
245 _aAtlas the world Explorer
260 _aNew Delhi
_bS.Chand Publication
_c2011
999 _c2486
_d2486